| 000 | 01511cam a22002897a 4500 | ||
|---|---|---|---|
| 001 | 16635886 | ||
| 005 | 20110915075740.0 | ||
| 008 | 110203s2011 sz a b 101 0 eng d | ||
| 020 | _a9780878492275 (pbk.) | ||
| 040 |
_aLHL _cLHL _dLHL _dYDXCP _dDLC |
||
| 082 |
_222 _a622.183 _bSCI |
||
| 111 | 2 |
_aInternational Symposium on Science and Processing of Cast Iron _n(9th : _d2010 : _cLuxor, Egypt) _930022 |
|
| 245 | 1 | 0 |
_aScience and Processing of Cast Iron IX : _bSelected Peer Reviewed Papers From the Ninth International Symposium on Science and Processing of Cast Iron, Luxor-Egypt, November 10-13, 2010 / _cedited by Adel Nofal and Mohamed Waly. |
| 246 | 3 | 0 | _aNinth International Symposium on Science and Processing of Cast Iron |
| 260 |
_aStafa-Zurich, Switzerland ; _aEnfield, NH : _bTrans Tech Publications, _cc2011. |
||
| 300 |
_axiv, 511 p. : _bill. ; _c24 cm. |
||
| 490 | 0 |
_aKey engineering materials, _x1013-9826 ; _vv. 457 _930023 |
|
| 504 | _aIncludes bibliographical references and index. | ||
| 541 | _aDonation from Dr. Mostafa Gouda | ||
| 650 | 0 |
_aCast-iron _xMetallurgy _vCongresses. _930024 |
|
| 653 |
_bGen _cJune2012 |
||
| 700 | 1 |
_aNofal, Adel. _930025 |
|
| 700 | 1 |
_aWaly, Mohamed. _930026 |
|
| 942 |
_2ddc _cBB |
||
| 999 |
_c16750 _d16750 |
||